Picture Click: 52 Card Pickup! Quiz Stats

Quiz Updated Jan 11, 2016

Challenge
Share
Tweet
Score 0/52 Timer 02:00
32 Plays Today
% Correct
???
46.5%
???
46.4%
???
46.2%
???
46.2%
???
46.1%
???
46.1%
???
46.1%
???
46%
???
46%
???
45.9%
???
45.9%
???
45.9%
???
45.8%
???
45.7%
???
45.6%
???
45.6%
???
45.5%
???
45.4%
???
45.4%
???
45.4%
???
45.3%
???
45.3%
???
45.2%
???
45.2%
???
45.1%
???
45.1%
% Correct
???
45.1%
???
45%
???
45%
???
44.8%
???
44.7%
???
44.7%
???
44.7%
???
44.7%
???
44.6%
???
44.6%
???
44.6%
???
44.6%
???
44.5%
???
44.4%
???
44.4%
???
44.2%
???
44.2%
???
44.1%
???
43.9%
???
43.8%
???
43.2%
???
43.1%
???
43.1%
???
42.6%
???
42.6%
???
40.7%

You're not logged in!

Compare scores with friends on all Sporcle quizzes.
Sign Up with Email
OR
Log In

You Might Also Like...

Show Comments

Extras

Top Quizzes Today


Score Distribution

Your Account Isn't Verified!

In order to create a playlist on Sporcle, you need to verify the email address you used during registration. Go to your Sporcle Settings to finish the process.